Все вузы России: справочник для абитуриентов 2006-2007

Detaylı Bibliyografya
Diğer Yazarlar: Гаврилова О. А. (составитель)
Özet:Справочник содержит наиболее полную информацию о высших учебных заведениях Российской Федерации, как государственных, так и негосударственных, начиная с их адресов, телефонов приемных комиссий, факультетов, специальностей обучения, вступительных экзаменов и кончая наличием подготовительных отделений, общежитий и военных кафедр. Книга предназначена для широкого круга читателей.
Dil:Rusça
Baskı/Yayın Bilgisi: Москва, Новая волна, 2006
Konular:
Materyal Türü: MixedMaterials Kitap
KOHA link:https://koha.lib.tpu.ru/cgi-bin/koha/opac-detail.pl?biblionumber=103372

MARC

LEADER 00000nam0a2200000 4500
001 103372
005 20231031113626.0
010 |a 5363000334 
010 |a 5-7864-0204-5 
035 |a (RuTPU)RU\TPU\book\111446 
090 |a 103372 
100 |a 20061016d2006 km y0rusy50 ca 
101 0 |a rus 
102 |a RU 
105 |a y g 000zy 
200 1 |a Все вузы России   |e справочник для абитуриентов 2006-2007  |f сост. О. А. Гаврилова 
210 |a Москва  |c Новая волна  |c Престиж книга  |c РИПОЛ классик  |d 2006 
215 |a 476 с. 
330 |a Справочник содержит наиболее полную информацию о высших учебных заведениях Российской Федерации, как государственных, так и негосударственных, начиная с их адресов, телефонов приемных комиссий, факультетов, специальностей обучения, вступительных экзаменов и кончая наличием подготовительных отделений, общежитий и военных кафедр. Книга предназначена для широкого круга читателей. 
610 1 |a образование 
610 1 |a высшее образование 
610 1 |a вузы 
610 1 |a Российская Федерация 
610 1 |a адреса 
610 1 |a телефоны 
610 1 |a факультеты 
610 1 |a специальности 
610 1 |a правила 
610 1 |a приемные экзамены 
610 1 |a вступительные экзамены 
610 1 |a программы 
610 1 |a абитуриенты 
610 1 |a справочники 
686 |a Ч484(2)я2  |v LBC/SL-A  |2 rubbk 
702 1 |a Гаврилова  |b О. А.  |4 220 
801 1 |a RU  |b 63413507  |c 20061016  |g PSBO 
801 2 |a RU  |b 63413507  |c 20190820  |g PSBO 
942 |c BK 
959 |a 89/20061012  |d 1  |e 114,84  |f ЧЗСИО:1